Biggest North American "K" Cities by Picture - Statistics

General Stats
  • This quiz has been taken 31 times
  • The average score is 6 of 16
Answer Stats
Picture Hint Answer % Correct
🇺🇸 510 000 Kansas City
100%
🇺🇸 150 000 Kansas City
88%
🇯🇲 580 000 Kingston
88%
🇨🇦 130 000 Kingston
88%
🇺🇸 200 000 Knoxville
65%
🇨🇦 520 000 Kitchener
38%
🇨🇦 90 000 Kamloops
31%
🇺🇸 100 000 Kenosha
27%
🇨🇦 180 000 Kelowna
23%
🇺🇸 130 000 Kent
23%
🇺🇸 160 000 Killeen
23%
🇺🇸 90 000 Kennewick
8%
🇺🇸 90 000 Kirkland
8%
🇲🇽 140 000 Kanasín
4%
🇨🇦 140 000 Kanata
4%
🇺🇸 80 000 Kendall
4%
No matching quizzes found
Score Distribution
Percent of People with Each Score
Percentile by Number Answered
Your Score History
You have not taken this quiz